Torschützenliste der Premier League 2016-2017 - Statistiken

Allgemein
  • Dieses Quiz wurde 59 mal gespielt
  • Das Durchschnittsergebnis liegt bei 8 aus 12
Antwortstatistiken
Tore Nationalität Verein Spieler % Korrekt
29 England Tottenham Hotspur Harry Kane
100%
25 Belgien FC Everton Romelu Lukaku
96%
20 Argentinien Manchester City Sergio Agüero
94%
24 Chile FC Arsenal Alexis Sánchez
92%
17 Schweden Manchester United Zlatan Ibrahimović
90%
16 Belgien FC Chelsea Eden Hazard
88%
20 Spanien FC Chelsea Diego Costa
69%
15 Belgien Crystal Palace Christian Benteke
61%
18 England Tottenham Hotspur Dele Alli
31%
15 England AFC Sunderland Jermain Defoe
31%
16 Norwegen AFC Bournemouth Joshua King
31%
15 Spanien Swansea City Fernando Llorente
16%
Keine übereinstimmenden Quizze gefunden
Verteilung der Resultate
Anzahl Personen mit jedem Resultat
Perzentil nach korrekt beantworteten Fragen
Ihre Resultats-Entwicklung
Sie haben dieses Quiz noch nicht gespielt